| 000 | 00777 am a2200289 x 4500 | ||
|---|---|---|---|
| 001 | 2175374 | ||
| 003 | OSt | ||
| 005 | 20200421093818.0 | ||
| 008 | 740607s1974 enk w 0011p eng b | ||
| 015 | _aB7414332 | ||
| 020 | _a0571105947 | ||
| 020 | 0 | 0 |
_a0571101828 _cv |
| 040 | _cxxx | ||
| 082 | 0 | 0 |
_a811/.52 _219 |
| 100 | 1 | 0 |
_aLowell, Robert, _d1917-1977. _948 |
| 245 | 0 | 0 |
_aRobert Lowell's poems _ba selection _cedited with an introduction and notes by Jonathan Raban |
| 260 |
_aLondon _bFaber _c1974 |
||
| 300 |
_a3-192p _c21cm |
||
| 350 | 0 | 0 | _a£3.25 |
| 504 | 0 | 0 | _aIncludes index |
| 511 | 0 | 0 | _aISBN 0-571-10182-8 Pbk: £1.10 |
| 650 | 0 |
_aAmerican poetry. _949 |
|
| 700 | 1 | 1 |
_aRaban, Jonathan, _d1942- _950 |
| 942 |
_2ddc _cBK |
||
| 956 | _aNLS | ||
| 999 |
_c70 _d70 |
||